000
00145 a2200085 4500
041
_a
spa
100
_a
Anonimo
245
_a
La Promesa
942
_c
BK
999
_c
10633
_d
10633